| 000 | 00750cam a22002054a 4500 | ||
|---|---|---|---|
| 020 | _a0495561975 | ||
| 020 | _a9780495561972 | ||
| 050 | 0 | 0 |
_aQH91 _b.K37 2010 |
| 100 | 1 | _aKarleskint, George. | |
| 245 | 1 | 0 |
_aIntroduction to marine biology / _cGeorge Karleskint, Jr., Richard Turner, James W. Small, Jr. |
| 250 | _a3rd ed. | ||
| 260 |
_aAustralia ; _aBelmont, CA : _bBrooks/Cole Cengage Learning, _cc2010. |
||
| 300 | _aix, 581 p. : | ||
| 700 | 1 | _aTurner, Richard L. | |
| 700 | 1 | _aSmall, James W. | |
| 856 | 4 | 2 | _uhttp://www.loc.gov/catdir/enhancements/fy1104/2008940542-b.html |
| 856 | 4 | 2 | _uhttp://www.loc.gov/catdir/enhancements/fy1104/2008940542-d.html |
| 856 | 4 | 1 | _uhttp://www.loc.gov/catdir/enhancements/fy1104/2008940542-t.html |
| 942 | _cGEN | ||
| 999 |
_c1877 _d1877 |
||